[Event "Titled Tue 17th Jun Early"]
[Site "chess.com INT"]
[Date "2025.06.17"]
[Round "3"]
[White "Durarbayli, Vasif"]
[Black "Maximov, Dmitry"]
[Result "1/2-1/2"]
[WhiteTitle "GM"]
[BlackTitle "GM"]
[WhiteElo "2612"]
[BlackElo "2476"]
[WhiteFideId "13402935"]
[BlackFideId "14105659"]
[EventDate "2025.06.17"]

1. e4 c5 2. Nf3 d6 3. d4 cxd4 4. Nxd4 Nf6 5. Nc3 a6 6. Be2 e5 7. Nb3 Be6 8. f4
exf4 9. Bxf4 Be7 10. Qd3 Nc6 11. O-O-O O-O 12. Bxd6 Bxd6 13. Qxd6 Nd7 14. Kb1
Qg5 15. h4 Qe5 16. Qxe5 Ncxe5 17. Rd6 Rfe8 18. Rhd1 Rac8 19. Nd4 Nc5 20. a3 Bc4
21. b3 Bxe2 22. Ndxe2 Ng4 23. Rb6 Nf2 24. Rd4 Ncxe4 25. Nxe4 Nxe4 26. Kb2 Nc5
27. Nc3 Re7 28. Nd5 Re5 29. Rd6 h6 30. Nb6 Rc7 31. Rd8+ Kh7 32. Rc4 Rc6 33. Rd5
Re2 34. Rdxc5 Rxb6 35. g4 Rd6 36. Rc7 b5 37. Rf4 f6 38. h5 Re5 39. a4 bxa4 40.
Rxa4 Rg5 41. Rc8 f5 42. gxf5 Rxf5 43. Rh4 Rdd5 44. Ra8 a5 45. c4 Rde5 46. Rh2
Rxh5 47. Rc2 Rc5 48. Ka3 Rhe5 49. b4 axb4+ 50. Kxb4 h5 51. Ra7 h4 52. Rg2 Rg5
53. Rh2 Rh5 54. Rxh4 Rxh4 55. Kxc5 Rh1 56. Kb6 Rb1+ 57. Kc6 Kh6 58. c5 g5 59.
Ra2 Rc1 60. Kd6 Rd1+ 61. Kc7 g4 62. c6 Kg5 63. Kb7 Rb1+ 64. Kc8 Rc1 65. c7 g3
66. Rg2 Kg4 67. Kb8 Rxc7 68. Rxg3+ Kxg3 69. Kxc7 1/2-1/2

[Event "Titled Tue 17th Jun Early"]
[Site "chess.com INT"]
[Date "2025.06.17"]
[Round "3"]
[White "Goldin, Roman"]
[Black "Weigand, Anton"]
[Result "1/2-1/2"]
[WhiteTitle "FM"]
[BlackTitle "CM"]
[WhiteElo "2299"]
[BlackElo "2197"]
[WhiteFideId "2803860"]
[BlackFideId "16221915"]
[EventDate "2025.06.17"]

1. e4 c5 2. Nf3 e6 3. c3 d5 4. exd5 exd5 5. d4 Nc6 6. Be3 cxd4 7. Nxd4 Bd6 8.
Be2 Nge7 9. O-O O-O 10. Nd2 Nf5 11. Nxf5 Bxf5 12. Bf3 Bc7 13. Nb3 Be4 14. Bxe4
dxe4 15. Nc5 b6 16. Qxd8 Raxd8 17. Nxe4 Ne5 18. Bd4 Nc6 19. Rfd1 Nxd4 20. Rxd4
Rxd4 21. cxd4 Rd8 22. Rd1 Be5 23. d5 Bxb2 24. Kf1 Be5 25. Ke2 f5 26. Ng5 Rd6 27.
g3 Bf6 28. Ne6 Kf7 29. Nc7 Rd7 30. Nb5 Ke7 31. Kf3 Kf7 32. a4 g6 33. h4 a6 34.
Na3 Be7 35. Nc4 Rb7 36. Rb1 b5 37. Na5 Rb6 38. Ke3 bxa4 39. Rxb6 Bc5+ 40. Kd3
Bxb6 41. Nc4 Bc5 42. f3 Ke7 43. g4 Kd7 44. h5 fxg4 45. fxg4 gxh5 46. gxh5 a3 47.
Kc3 Ke7 48. Kb3 Kf6 49. Ka2 Kf5 50. Kb3 Kg5 51. Ka2 Be7 52. Kb3 Kxh5 53. d6 Bd8
54. Ne5 Kh4 55. Nf7 Bf6 56. d7 h5 57. d8=Q Bxd8 58. Nxd8 Kg3 59. Ne6 h4 60. Ng5
Kg4 61. Ne4 h3 62. Nf2+ Kg3 63. Nxh3 Kxh3 64. Kxa3 Kg4 65. Ka4 Kf5 66. Ka5 Ke6
67. Kxa6 1/2-1/2

[Event "Titled Tue 17th Jun Early"]
[Site "chess.com INT"]
[Date "2025.06.17"]
[Round "3"]
[White "Hobaica, Juan Pablo"]
[Black "Bardyk, Artem"]
[Result "1/2-1/2"]
[WhiteTitle "IM"]
[BlackTitle "FM"]
[WhiteElo "2386"]
[BlackElo "2260"]
[WhiteFideId "104159"]
[BlackFideId "34349979"]
[EventDate "2025.06.17"]

1. e4 c5 2. Nf3 d6 3. d4 cxd4 4. Nxd4 Nf6 5. Nc3 g6 6. Bg5 Bg7 7. Qd2 Nc6 8.
Nxc6 bxc6 9. Bd3 Rb8 10. Rb1 O-O 11. O-O Qa5 12. Nd5 Qxd2 13. Nxe7+ Kh8 14. Bxd2
Bd7 15. f4 Rbe8 16. e5 dxe5 17. fxe5 Ng4 18. Bb4 Nxe5 19. Rbd1 Bg4 20. Rde1 Be6
21. Rxe5 Bxe5 22. Nxc6 Bxb2 23. Bxf8 Rxf8 24. Rb1 Bf6 25. a4 Rc8 26. Rb8 Rxb8
27. Nxb8 Kg7 28. Kf1 Be5 29. Nc6 Bxh2 30. Nxa7 Bc7 31. c4 h5 32. c5 Bd5 33. Nb5
Ba5 34. Be2 Kf6 35. Bf3 Ke5 36. c6 Bxf3 37. gxf3 Ke6 38. Kg2 g5 39. Kg3 f5 40.
f4 g4 41. Nd4+ Kf6 42. Nb5 Ke6 43. c7 Kd7 44. Nd4 Kxc7 45. Nxf5 Be1+ 46. Kg2 Kd7
47. Ne3 Ke6 48. Nc4 Kf5 49. a5 Bb4 50. a6 Bc5 51. Nd6+ Kxf4 52. Nb5 h4 53. a7
h3+ 54. Kh2 Bxa7 55. Nxa7 Kf3 56. Nc6 g3+ 57. Kxh3 g2 58. Nd4+ Kf2 59. Ne2 Kf1
60. Kh2 Kf2 61. Ng1 Ke1 62. Kxg2 1/2-1/2

[Event "Titled Tue 17th Jun Early"]
[Site "chess.com INT"]
[Date "2025.06.17"]
[Round "3"]
[White "Sahib, Singh"]
[Black "Hnatyshyn, Anastasiia"]
[Result "1/2-1/2"]
[WhiteTitle "FM"]
[BlackTitle "WFM"]
[WhiteElo "2407"]
[BlackElo "2233"]
[WhiteFideId "25618342"]
[BlackFideId "14198339"]
[EventDate "2025.06.17"]

1. e4 e6 2. d4 d5 3. Nd2 c5 4. exd5 Qxd5 5. Ngf3 cxd4 6. Bc4 Qd7 7. O-O Nc6 8.
Nb3 a6 9. Nbxd4 Nxd4 10. Nxd4 Qc7 11. Qe2 Bd6 12. Kh1 Ne7 13. a4 O-O 14. b3 Ng6
15. Bd3 e5 16. Nf5 Bb4 17. Qe4 Bc3 18. Rb1 Be6 19. Ba3 Rfd8 20. Ne7+ Kh8 21.
Nxg6+ fxg6 22. Qe2 Rac8 23. Bb2 Bf5 24. Be4 Bxb2 25. Rxb2 Qc3 26. Rbb1 Bxe4 27.
Qxe4 Qxc2 28. Qxb7 Qd3 29. Rfe1 Rb8 30. Qc7 e4 31. h3 Rbc8 32. Qb7 Rb8 33. Qe7
Re8 34. Qf7 e3 35. fxe3 Rxe3 36. Qf4 Rxe1+ 37. Rxe1 Qxb3 38. Rf1 h6 39. Qd6 g5
40. Qxa6 Qb4 41. a5 Qb7 42. Qd6 Ra8 43. Ra1 Qa6 44. Qb4 Kg8 45. Ra3 Kh7 46. Kh2
Kh8 47. Ra4 Kh7 48. Ra3 Kh8 49. Qa4 Kh7 50. Qc2+ Kh8 51. Qc3 Kg8 52. Qe3 Kh8 53.
Qb3 Qd6+ 54. Kh1 Qa6 55. Kh2 Qd6+ 56. Kh1 Qa6 57. Kh2 1/2-1/2

[Event "Titled Tue 17th Jun Early"]
[Site "chess.com INT"]
[Date "2025.06.17"]
[Round "3"]
[White "Chinchilla, Alejandro Jose"]
[Black "El Zein, Zayne-Eddine"]
[Result "0-1"]
[WhiteTitle "FM"]
[BlackTitle "CM"]
[WhiteElo "2152"]
[BlackElo "2194"]
[WhiteFideId "8401136"]
[BlackFideId "5313210"]
[EventDate "2025.06.17"]

1. e4 d6 2. d4 Nf6 3. Nc3 e5 4. Nf3 Nbd7 5. Bc4 Be7 6. O-O O-O 7. Re1 c6 8. a4
a5 9. Ba2 exd4 10. Nxd4 Nc5 11. h3 Be6 12. Nxe6 fxe6 13. e5 Nd5 14. exd6 Bxd6
15. Ne4 Nxe4 16. Rxe4 Qf6 17. Qe2 Rae8 18. c3 Bc5 19. Be3 Bxe3 20. fxe3 Qg5 21.
Re1 Rf6 22. Rg4 Qe5 23. e4 Nf4 24. Qe3 Ref8 25. Qg3 Qc5+ 26. Kh2 Nh5 27. Rg5
Nxg3 28. Rxc5 Nf1+ 29. Kg1 Ng3 30. Re5 Re8 31. Bc4 h5 32. h4 Rf4 33. Kh2 Nf5 34.
Bxe6+ Rxe6 35. Rxe6 Rxh4+ 36. Kg1 Nh6 37. Re7 b5 38. axb5 cxb5 39. Rb7 b4 40.
cxb4 axb4 41. Rxb4 Rg4 42. Rb7 h4 43. Kf2 Rg3 44. e5 Ng4+ 45. Kf1 Nh2+ 46. Kg1
Nf3+ 47. Kf2 Nxe1 48. Kxe1 Rxg2 49. e6 Rg6 50. Rb8+ Kh7 51. e7 Re6+ 52. Kf2 Rxe7
53. b4 Rf7+ 54. Kg2 Rf4 55. b5 Rb4 56. Kh3 g5 57. b6 Rb3+ 58. Kg4 Rg3+ 59. Kh5
h3 60. b7 Rb3 61. Kxg5 h2 62. Ra8 Rxb7 63. Ra1 Rg7+ 0-1

[Event "Titled Tue 17th Jun Early"]
[Site "chess.com INT"]
[Date "2025.06.17"]
[Round "3"]
[White "Sevig, Mert Can"]
[Black "Sarveshwaran V"]
[Result "1/2-1/2"]
[WhiteTitle "CM"]
[BlackTitle "CM"]
[WhiteElo "2025"]
[BlackElo "2290"]
[WhiteFideId "44546335"]
[BlackFideId "25699016"]
[EventDate "2025.06.17"]

1. e4 e6 2. Qe2 c5 3. d3 Nc6 4. g3 Be7 5. Bg2 d5 6. Nc3 Nf6 7. e5 Nd7 8. f4 O-O
9. Nf3 Rb8 10. O-O b5 11. Qf2 b4 12. Ne2 a5 13. d4 Ba6 14. Be3 f5 15. Rfe1 cxd4
16. Nexd4 Nxd4 17. Nxd4 Rb6 18. Rad1 Qc7 19. Nxe6 Rxe6 20. Bxd5 Bc4 21. Bxc4
Qxc4 22. Rxd7 Rc8 23. Qf3 Qc6 24. Qxc6 Rcxc6 25. Re2 Kf7 26. Red2 Rc4 27. Ra7
Kg6 28. Rdd7 Kf7 29. Rdc7 Rxc7 30. Rxc7 Kg6 31. Bc5 Bxc5+ 32. Rxc5 Ra6 33. Rd5
Kh5 34. Kf2 g5 35. Rd6 Ra7 36. e6 Re7 37. Ke3 Kg4 38. fxg5 Kxg5 39. h4+ Kf6 40.
Kf4 h5 41. c4 bxc3 42. bxc3 Rc7 43. Rd7 Rc4+ 44. Ke3 Rxc3+ 45. Kd4 Kxe6 46. Kxc3
Kxd7 47. Kc4 Kc6 48. a4 Kd6 49. Kb5 Ke5 50. Kxa5 Ke4 51. Kb6 Kf3 52. a5 Kxg3 53.
a6 f4 54. a7 f3 55. a8=Q f2 56. Qh1 Kf4 57. Kc5 Ke3 58. Qf1 Kf3 59. Kd5 Kg3 60.
Ke4 Kxh4 61. Qxf2+ Kh3 62. Qg1 h4 63. Kf3 1/2-1/2

[Event "Titled Tue 17th Jun Early"]
[Site "chess.com INT"]
[Date "2025.06.17"]
[Round "3"]
[White "Rao, Anjaneya Sripathy"]
[Black "Cori Quispe, Kevin Joel"]
[Result "0-1"]
[WhiteTitle "CM"]
[BlackTitle "GM"]
[WhiteElo "2217"]
[BlackElo "2464"]
[WhiteFideId "30954770"]
[BlackFideId "3814017"]
[EventDate "2025.06.17"]

1. c4 e5 2. Nc3 Nf6 3. g3 d5 4. cxd5 Nxd5 5. Bg2 Nb6 6. d3 Be7 7. Nf3 Nc6 8. O-O
O-O 9. Be3 Be6 10. a3 Re8 11. Rc1 f6 12. Ne4 Nd5 13. Bc5 b6 14. Bxb6 axb6 15.
Rxc6 Bd7 16. Rc1 c5 17. Nc3 Be6 18. Nd2 Nc7 19. Bxa8 Qxa8 20. f3 b5 21. Nce4 c4
22. dxc4 f5 23. cxb5 Qa7+ 24. Nf2 Nxb5 25. e4 f4 26. Nc4 Rd8 27. Qe1 Nd4 28. Kg2
fxg3 29. hxg3 Nb3 30. Nxe5 Nxc1 31. Qxc1 Rc8 32. Nc6 Qd7 33. Nxe7+ Qxe7 34. Qd2
Qf6 35. Rc1 Rd8 36. Qe2 h5 37. b4 h4 38. gxh4 Qxh4 39. Rh1 Qg5+ 40. Ng4 Rd2 41.
Kf2 Rxe2+ 42. Kxe2 Bxg4 43. fxg4 Qxg4+ 44. Ke3 Qg3+ 45. Kd4 Qxa3 46. Rb1 Qa2 47.
Rc1 Qb2+ 48. Rc3 Qxb4+ 49. Kd3 g5 50. Rc2 Kf7 51. Rf2+ Kg6 52. Rf5 g4 53. Ke3
Qb3+ 54. Kf4 Qf3+ 55. Ke5 Qe3 56. Rf4 g3 57. Rg4+ Kh5 58. Rg8 Qc3+ 59. Kf5 Qf3+
60. Ke5 g2 61. Rh8+ Kg6 62. Rg8+ Kf7 63. Rg5 Qf6+ 64. Kd5 Qxg5+ 0-1

[Event "Titled Tue 17th Jun Early"]
[Site "chess.com INT"]
[Date "2025.06.17"]
[Round "3"]
[White "Ersoz, Teoman Guney"]
[Black "Malek, Jan"]
[Result "1-0"]
[WhiteTitle "CM"]
[BlackTitle "GM"]
[WhiteElo "2052"]
[BlackElo "2505"]
[WhiteFideId "44537050"]
[BlackFideId "21864080"]
[EventDate "2025.06.17"]

1. e4 e6 2. d4 d5 3. Nc3 Bb4 4. e5 Qd7 5. Qg4 Bxc3+ 6. bxc3 f5 7. Qg3 b6 8. Bd3
Ba6 9. Ne2 Qf7 10. O-O Ne7 11. a4 O-O 12. Ba3 Rc8 13. a5 Nec6 14. axb6 axb6 15.
Rfb1 Nd7 16. Nf4 Na5 17. Bxa6 Rxa6 18. Bb4 Rca8 19. Bxa5 Rxa5 20. Rxa5 Rxa5 21.
h4 Nf8 22. h5 h6 23. Kh2 Qe7 24. Rb2 Qg5 25. Qxg5 hxg5 26. Nh3 Nh7 27. Ng1 Ra3
28. Ne2 Kf7 29. f3 Nf8 30. g4 f4 31. Kg2 g6 32. Kh3 Kg7 33. h6+ Kxh6 34. Kg2 Kg7
35. Kf2 Nd7 36. Ke1 Nb8 37. Kd2 Nc6 38. Kd3 Na5 39. Nc1 Nc4 40. Ra2 Kf7 41. Rxa3
Nxa3 42. Na2 Ke7 43. Nb4 Kd7 44. Na6 Kc8 45. Nb4 Kb7 46. Na2 Ka6 47. Nc1 Kb5 48.
Ne2 Nc4 49. Ng1 Nb2+ 50. Kd2 Nc4+ 51. Kd3 Kc6 52. Nh3 Kd7 53. Nxg5 Ne3 54. Nh3
Ng2 55. Ke2 c5 56. Kf2 Ne3 57. Nxf4 Nxc2 58. dxc5 bxc5 59. Nxg6 Na3 60. f4 Nb5
61. f5 Nxc3 62. Nf8+ Ke7 63. Nxe6 d4 64. Nxc5 Nd5 65. Kf3 Ne3 66. Kf4 Nc4 67. g5
Nd2 68. g6 Nf1 69. f6+ Kf8 70. Ne6+ 1-0

[Event "Titled Tue 17th Jun Early"]
[Site "chess.com INT"]
[Date "2025.06.17"]
[Round "3"]
[White "Parfenov, Viktor N."]
[Black "Aranda, Juan Manuel"]
[Result "1/2-1/2"]
[WhiteTitle "CM"]
[BlackTitle "CM"]
[WhiteElo "2193"]
[BlackElo "2134"]
[WhiteFideId "4165969"]
[BlackFideId "160458"]
[EventDate "2025.06.17"]

1. d4 d6 2. e4 g6 3. Nc3 Bg7 4. Bg5 a6 5. Nf3 b5 6. Bd3 Bb7 7. a4 b4 8. Ne2 Nd7
9. c3 a5 10. Qd2 c5 11. Ng3 Ngf6 12. O-O O-O 13. Rfe1 e5 14. d5 Nb6 15. c4 Qd7
16. h3 Nxa4 17. Nh2 Nb6 18. Rf1 a4 19. f4 exf4 20. Rxf4 Ne8 21. Ng4 a3 22. Nh6+
Kh8 23. Raf1 f6 24. b3 a2 25. Qb2 Qe7 26. Qa1 Nd7 27. Bh4 Bxh6 28. e5 dxe5 29.
R4f3 Bg7 30. Ne4 Nd6 31. R1f2 g5 32. Bg3 Nxe4 33. Bxe4 Rf7 34. Rxa2 Rxa2 35.
Qxa2 Rf8 36. Qa7 Bc8 37. Bf5 Qd8 38. Rf1 Qb6 39. Qa4 Nb8 40. Bxc8 Rxc8 41. Rd1
Qa6 42. Ra1 Qxa4 43. Rxa4 f5 44. Bf2 f4 45. Ra8 e4 46. d6 e3 47. Be1 Bd4 48. Kf1
Rd8 49. Ke2 Kg7 50. h4 Kf6 51. hxg5+ Kxg5 52. g3 Kf5 53. gxf4 Kxf4 54. Bh4 Be5
55. Bxd8 Bxd6 56. Bh4 Nc6 57. Bf6 Be5 58. Bxe5+ Nxe5 59. Rf8+ Ke4 60. Re8 Kd4
61. Rd8+ Ke4 62. Re8 Kd4 63. Rd8+ Ke4 64. Re8 1/2-1/2

[Event "Titled Tue 17th Jun Early"]
[Site "chess.com INT"]
[Date "2025.06.17"]
[Round "3"]
[White "Csonka, Balazs"]
[Black "Tikhonov, Viacheslav"]
[Result "1-0"]
[WhiteTitle "IM"]
[BlackTitle "CM"]
[WhiteElo "2467"]
[BlackElo "2183"]
[WhiteFideId "742910"]
[BlackFideId "44196407"]
[EventDate "2025.06.17"]

1. e4 c5 2. Nf3 Nc6 3. Bb5 Nd4 4. Nxd4 cxd4 5. O-O a6 6. Be2 e6 7. d3 Bc5 8. Nd2
Ne7 9. f4 f5 10. Kh1 O-O 11. Bf3 Rb8 12. a4 b5 13. axb5 axb5 14. Nb3 Bb6 15. Bd2
Nc6 16. exf5 Rxf5 17. Be4 Rf7 18. Qh5 g6 19. Qxb5 Bc7 20. Qa4 d5 21. Bf3 Bd7 22.
Nc5 Rxb2 23. Nxe6 Bxe6 24. Qxc6 Qd6 25. Qxd6 Bxd6 26. Rae1 Rf6 27. Rxe6 Rxe6 28.
Bxd5 Kf7 29. Re1 Rxc2 30. Rxe6 Kg7 31. Rxd6 Rxd2 32. h4 Rxd3 33. Be4 Re3 34.
Rxd4 Kh6 35. Kg1 Re2 36. Bf3 Rb2 37. h5 Rb6 38. hxg6 hxg6 39. Kf2 Re6 40. g4 Re7
41. Re4 Rd7 42. Kg3 Rc7 43. Re6 Kg7 44. Be4 Rc2 45. Rxg6+ Kh7 46. Bxc2 Kh8 47.
f5 Kh7 48. g5 Kh8 49. Kf4 Kh7 50. Ke5 Kh8 51. f6 Kh7 52. f7 Kh8 53. Bd3 Kh7 54.
Rf6+ Kh8 55. f8=N Kg7 56. Ne6+ Kh8 57. g6 Kg8 58. Bc4 Kh8 59. Kf4 Kg8 60. Kg5
Kh8 61. Nf4 Kg7 62. Re6 Kh8 63. Nh5 Kg8 64. g7 Kf7 65. Re5# 1-0

[Event "Titled Tue 17th Jun Early"]
[Site "chess.com INT"]
[Date "2025.06.17"]
[Round "3"]
[White "Xalmatov, Yakubjon"]
[Black "Hayrapetyan, Edgar"]
[Result "1-0"]
[WhiteTitle "CM"]
[BlackTitle "FM"]
[WhiteElo "2096"]
[BlackElo "2161"]
[WhiteFideId "14201615"]
[BlackFideId "13313568"]
[EventDate "2025.06.17"]

1. e4 e6 2. d4 d5 3. e5 c5 4. c3 Qb6 5. Nf3 Nc6 6. g3 cxd4 7. cxd4 Bd7 8. Bh3
Qa6 9. Bf1 Qb6 10. Bh3 Qa6 11. Bf1 Qa5+ 12. Nc3 Rc8 13. Bd2 Nh6 14. Bd3 Nf5 15.
Bxf5 exf5 16. O-O Be6 17. a3 Be7 18. b4 Qd8 19. Rc1 O-O 20. h4 h6 21. Be3 a5 22.
b5 Nb8 23. Qb3 Nd7 24. Na4 Nb6 25. Rxc8 Nxc8 26. Rc1 Nb6 27. Nc5 Bxc5 28. Rxc5
Nc4 29. Nd2 Nb6 30. Qc2 Qe7 31. Kh2 Rc8 32. Rxc8+ Nxc8 33. Qc5 Qd8 34. Nb3 b6
35. Qc2 Ne7 36. a4 Qd7 37. Nc1 Kf8 38. Ne2 Ke8 39. Nf4 Kd8 40. Nh5 g6 41. Nf6
Qc7 42. Qxc7+ Kxc7 43. Bxh6 f4 44. Bxf4 Kd8 45. Bg5 Kc7 46. f3 Nf5 47. g4 Nxd4
48. Kg3 Bc8 49. Kf4 Ne6+ 50. Ke3 d4+ 51. Kd3 Bb7 52. Ne4 Bxe4+ 53. Kxe4 Kd7 54.
Bd2 Nc5+ 55. Kxd4 Nxa4 56. h5 gxh5 57. gxh5 Ke8 58. h6 Kf8 59. f4 Nc5 60. Kd5 a4
61. Bc3 a3 62. h7 Kg7 63. e6+ Kxh7 64. e7 Na4 65. Ba1 1-0

[Event "Titled Tue 17th Jun Early"]
[Site "chess.com INT"]
[Date "2025.06.17"]
[Round "3"]
[White "Topencik, Bruno"]
[Black "Fernandez Garcia, Gumersindo"]
[Result "1-0"]
[WhiteTitle "FM"]
[BlackTitle "CM"]
[WhiteElo "2276"]
[BlackElo "2197"]
[WhiteFideId "23716550"]
[BlackFideId "24516740"]
[EventDate "2025.06.17"]

1. e4 c6 2. d4 d5 3. e5 c5 4. dxc5 Nc6 5. a3 Nxe5 6. Bb5+ Nc6 7. b4 Nf6 8. Nf3
Bg4 9. Bb2 e6 10. h3 Bxf3 11. Qxf3 Be7 12. O-O O-O 13. Nd2 Rc8 14. c4 dxc4 15.
Nxc4 Nd4 16. Bxd4 Qxd4 17. Rad1 Qh4 18. Ne5 a6 19. Ba4 Rc7 20. Nd7 Nxd7 21. Rxd7
Rfc8 22. Rfd1 a5 23. Rxc7 Rxc7 24. Qg3 Qxg3 25. fxg3 axb4 26. axb4 g5 27. g4 b6
28. cxb6 Rb7 29. Rd7 Rxd7 30. Bxd7 Bxb4 31. b7 Bd6 32. Kf2 Kf8 33. Bc6 Ke7 34.
Be4 h6 35. Kf3 Bb8 36. Ke3 Kd6 37. Kd4 Ba7+ 38. Kc4 f6 39. Kb5 Kc7 40. Bf3 Kd6
41. Ka6 Bb8 42. Kb6 f5 43. gxf5 exf5 44. Bh5 Kd7 45. Bg6 f4 46. Kc5 Kc7 47. Be4
Ba7+ 48. Kb5 h5 49. Ka6 Bd4 50. Bg6 h4 51. Be4 Bf2 52. Kb5 Ba7 53. Kc4 Kd6 54.
Bf3 Kc7 55. Kd3 Bf2 56. Bd5 Ba7 57. Ke4 Kd6 58. Bc4 Kc7 59. Kf5 Be3 60. Bd5 Kb8
61. Bf3 Ka7 62. Kxg5 Bf2 63. Kxf4 Bg3+ 64. Kf5 Kb8 65. Kg4 Bf2 66. Kh5 Be1 67.
g4 Bf2 68. g5 Be1 69. g6 Bc3 70. Kh6 Bd2+ 71. Kh7 Bc3 72. g7 Bxg7 73. Kxg7 1-0

[Event "Titled Tue 17th Jun Early"]
[Site "chess.com INT"]
[Date "2025.06.17"]
[Round "3"]
[White "Mayank, Chakraborty"]
[Black "Lyutsinger, Iren"]
[Result "1-0"]
[WhiteTitle "IM"]
[BlackTitle "FM"]
[WhiteElo "2457"]
[BlackElo "2261"]
[WhiteFideId "25659766"]
[BlackFideId "34425969"]
[EventDate "2025.06.17"]

1. d4 Nf6 2. c4 e6 3. g3 d5 4. Bg2 dxc4 5. Nf3 Bb4+ 6. Bd2 c5 7. dxc5 Bxc5 8.
Qa4+ Nbd7 9. O-O O-O 10. Qxc4 b5 11. Qxb5 Rb8 12. Qc4 Rxb2 13. Bc3 Rb6 14. Ba5
Ba6 15. Qc2 Qe7 16. Bxb6 Nxb6 17. Nc3 Rc8 18. Rac1 Bb4 19. Qb3 Bc4 20. Qb2 Ba3
21. Qd2 Bxc1 22. Rxc1 Ba6 23. e3 Qa3 24. Ne2 Nc4 25. Qe1 Rb8 26. Ned4 Qxa2 27.
Ra1 Qb2 28. Rxa6 Ne4 29. Ra1 Nxf2 30. Nc6 Nd3 31. Qf1 Nxe3 32. Nxb8 Nxf1 33.
Rxf1 Qxb8 34. h4 Qb6+ 35. Kh2 h6 36. Rd1 Qb3 37. Rd2 a5 38. Bf1 Nb4 39. Ne5 Qc3
40. Rd8+ Kh7 41. Nxf7 Qf6 42. Rf8 Qe7 43. Rh8+ Kg6 44. Ne5+ Kf5 45. Nf3 Ke4 46.
Nd2+ Ke3 47. Nc4+ Kd4 48. Nd2 Qf6 49. Bg2 a4 50. Rc8 Kd3 51. Ne4 Qd4 52. Nc5+
Ke2 53. Nxa4 Nd3 54. Nc3+ Ke1 55. Ne4 g5 56. hxg5 hxg5 57. Nxg5 Nf2 58. Nf3+ Ke2
59. Nxd4+ 1-0

[Event "Titled Tue 17th Jun Early"]
[Site "chess.com INT"]
[Date "2025.06.17"]
[Round "3"]
[White "Haszon, David"]
[Black "Punin, Andrii"]
[Result "0-1"]
[WhiteTitle "FM"]
[BlackTitle "FM"]
[WhiteElo "2264"]
[BlackElo "2289"]
[WhiteFideId "733610"]
[BlackFideId "14112639"]
[EventDate "2025.06.17"]

1. d4 Nf6 2. Nc3 d5 3. Bf4 c5 4. e4 Nxe4 5. Nxe4 dxe4 6. dxc5 Qa5+ 7. c3 Qxc5 8.
Qa4+ Nc6 9. Qxe4 g6 10. Qc4 Qxc4 11. Bxc4 Bg7 12. Nf3 Bg4 13. Ng5 O-O 14. h3 Bc8
15. O-O-O Na5 16. Bd5 e5 17. Be3 h6 18. Ne4 Kh7 19. Bc5 Rd8 20. Bxf7 Rxd1+ 21.
Rxd1 Nc6 22. Nd6 b6 23. Be3 Rb8 24. g4 Ba6 25. b3 Bf8 26. Ne4 Kg7 27. Rd7 Rb7
28. Be8+ Rxd7 29. Bxd7 Nd8 30. c4 Bb7 31. Nc3 Nf7 32. f4 exf4 33. Bxf4 Bd6 34.
Bxd6 Nxd6 35. Nb5 Nxb5 36. cxb5 Kf6 37. h4 g5 38. hxg5+ Kxg5 39. Kd2 Bf3 40. a4
Bxg4 41. Bc6 Kf4 42. b4 h5 43. a5 h4 44. Ke1 Ke3 45. Kf1 h3 46. Kg1 Kd4 47. Kh2
Kc3 48. axb6 axb6 49. Be8 Kxb4 50. Kg3 Be6 51. Kh2 Kc5 52. Kg3 Bf5 53. Kh2 Bd3
54. Kxh3 Bxb5 55. Bf7 Bd7+ 56. Kg3 Kd4 57. Kf2 Kc3 58. Ke1 b5 59. Kd1 Kb2 60.
Kd2 b4 61. Kd3 Ba4 62. Kd4 Bb3 63. Be8 Be6 64. Ba4 Ka3 65. Bd1 Bb3 66. Bg4 Kb2
67. Kc5 Kc3 68. Bd7 Bd1 69. Be6 Bb3 70. Bd7 Bf7 71. Ba4 Bg6 72. Kb5 Be8+ 73. Ka5
Bxa4 74. Kxa4 b3 75. Ka3 b2 76. Ka2 Kc2 77. Ka3 b1=Q 0-1

[Event "Titled Tue 17th Jun Early"]
[Site "chess.com INT"]
[Date "2025.06.17"]
[Round "3"]
[White "Linares Orellana, Hector Jose"]
[Black "Carroll, Thomas"]
[Result "1-0"]
[WhiteTitle "FM"]
[WhiteElo "2111"]
[BlackElo "2131"]
[WhiteFideId "7304307"]
[BlackFideId "450111"]
[EventDate "2025.06.17"]

1. d4 e6 2. c4 Bb4+ 3. Bd2 a5 4. a3 Bxd2+ 5. Qxd2 d5 6. Nc3 Nf6 7. Nf3 O-O 8. e3
Nc6 9. c5 Re8 10. Bb5 Bd7 11. O-O Ne7 12. Ne5 Bxb5 13. Nxb5 Ne4 14. Qd3 c6 15.
f3 cxb5 16. fxe4 dxe4 17. Qxe4 f6 18. Nd3 Qd5 19. Qxd5 Nxd5 20. Rfe1 Red8 21.
Rad1 Ne7 22. Nf4 Kf7 23. g4 Rd7 24. Kf2 Rad8 25. Ke2 Nc6 26. Rf1 e5 27. dxe5
Nxe5 28. h3 b4 29. axb4 axb4 30. b3 Ke7 31. e4 Rd4 32. Nd5+ R8xd5 33. exd5 Re4+
34. Kf2 h5 35. gxh5 Rh4 36. Kg3 Rxh5 37. Rfe1 Rg5+ 38. Kf4 Rh5 39. Kg3 Rg5+ 40.
Kh2 Rf5 41. Re3 Rf2+ 42. Kg3 Rf5 43. c6 Kd6 44. cxb7 Kc7 45. d6+ Kxb7 46. d7
Nxd7 47. Rxd7+ Kc6 48. Rxg7 Rf1 49. Rg4 Kd5 50. Rxb4 f5 51. Rb5+ Kd6 52. Rf3
Rg1+ 53. Kh4 Ke6 54. Rbxf5 Rg8 55. Rf6+ Ke5 56. R6f5+ Ke4 57. R5f4+ Ke5 58. Rg4
Rh8+ 59. Kg3 Rc8 60. h4 Rc1 61. h5 Rg1+ 62. Kh4 Rh1+ 63. Kg5 Ra1 64. h6 Ra8 65.
Rf7 Rg8+ 66. Rg7 Rf8 67. h7 Rf5+ 68. Kh6 Kf6 69. R4g6+ Ke5 70. h8=Q Kf4 71. Rg4+
Kf3 72. Rg3+ Kf2 73. Rg2+ Kf1 74. Rg1+ Kf2 75. R7g2+ Kf3 76. Qa8+ Kf4 77. Rf1+
Ke3 78. Rxf5 Kd4 79. Qd5+ Kc3 80. Rg3+ Kb4 81. Rf4+ Ka3 82. Qa5+ Kb2 83. b4 Kb1
84. Rf2 Kc1 85. Rg1# 1-0

[Event "Titled Tue 17th Jun Early"]
[Site "chess.com INT"]
[Date "2025.06.17"]
[Round "3"]
[White "Jacobsen, Mikkel Manosri"]
[Black "Smirnov, Mark"]
[Result "0-1"]
[WhiteTitle "FM"]
[BlackTitle "FM"]
[WhiteElo "2223"]
[BlackElo "2352"]
[WhiteFideId "1444514"]
[BlackFideId "13764594"]
[EventDate "2025.06.17"]

1. d4 Nf6 2. Nf3 d5 3. Bf4 c5 4. e3 Nc6 5. Nbd2 Nh5 6. dxc5 Nxf4 7. exf4 g6 8.
c3 Bg7 9. Bb5 O-O 10. O-O a5 11. a4 Qc7 12. g3 Na7 13. Nb3 Nxb5 14. axb5 a4 15.
Nbd4 Qxc5 16. Rxa4 Bd7 17. Qb3 Rxa4 18. Qxa4 Re8 19. Re1 Bxd4 20. Nxd4 f6 21.
Qb3 e5 22. fxe5 fxe5 23. Nf3 Qd6 24. Kg2 Bg4 25. h3 Bxf3+ 26. Kxf3 Qc5 27. Kg2
Kg7 28. Qa4 Rf8 29. Re3 d4 30. cxd4 exd4 31. Rd3 Rd8 32. b3 Qd5+ 33. Kg1 Qe4 34.
Qc4 Qe1+ 35. Kg2 Qe4+ 36. Kh2 Rd7 37. h4 h5 38. b6 Qe2 39. Kg2 Qe4+ 40. Kh2 Kh7
41. Rd2 Qf5 42. Qd3 Qf6 43. Re2 Qxb6 44. Re8 Qf6 45. Kg2 Qc6+ 46. Kh2 Qc3 47.
Qxc3 dxc3 48. Rc8 Rd2 49. Rxc3 Rxf2+ 50. Kh3 Rf7 51. Kg2 Kg7 52. b4 Rd7 53. b5
Kf6 54. b6 Ke6 55. Kf3 Rd6 56. Re3+ Kd5 57. Rd3+ Kc5 58. Rxd6 Kxd6 59. Ke4 Kc5
60. Ke5 Kxb6 61. Kf6 Kc5 62. Kxg6 b5 63. Kxh5 b4 64. g4 b3 65. g5 b2 66. g6 b1=Q
67. g7 Qh7+ 68. Kg5 Qxg7+ 69. Kf5 Qh7+ 70. Kg5 Kd5 71. h5 Ke5 72. h6 Qg8+ 73.
Kh5 Kf4 74. h7 Qg5# 0-1